| 000 | 01309nam a22002775i 4500 | ||
|---|---|---|---|
| 001 | SSB064092 | ||
| 003 | SISC | ||
| 005 | 20170130154632.0 | ||
| 008 | 130520s2014 nyu 000 0 eng | ||
| 010 | _a2013940889 | ||
| 020 | _a9781259095092 (alk. paper) | ||
| 040 |
_aDLC _beng _erda _cDLC |
||
| 042 | _apcc | ||
| 050 |
_aHF 5387 _b.G344 2014 |
||
| 100 | 1 | _aGhillyer, Andrew. | |
| 245 | 1 | 0 |
_aBusiness ethics now / _cAndrew Ghillyer. |
| 250 | _a4th edition. | ||
| 260 |
_aNew York : _bMcGraw-Hill, _c2014. |
||
| 263 | _a1408. | ||
| 300 |
_axii, 228 pages : _bcolor illustrations ; _c28 cm. |
||
| 500 | _aIncludes bibliographical references and index. | ||
| 505 | _aPart I: Defining Business Ethics -- Chapter 1 Understanding Ethics -- Chapter 2 Defining Business Ethics -- Part II: The Practice of Business Ethics -- Chapter 3 Organizational Ethics -- Chapter 4 Corporate Social Responsibility -- Chapter 5 Corporate Governance -- Chapter 6 The Role of Government -- Chapter 7 Blowing the Whistle -- Chapter 8 Ethics and Technology -- Part III: The Future of Business Ethics -- Chapter 9 Ethics and Globalization -- Chapter 10 Making it Stick: Doing What's Right in a Competitive Market. | ||
| 650 | _aBusiness ethics. | ||
| 650 |
_aBusiness ethics _vCase studies. |
||
| 942 |
_2lcc _cBK _kFOR |
||
| 999 |
_c288371 _d288371 |
||